000 00459nam a22001697a 4500
005 20180730150042.0
008 160517b xxu||||| |||| 00| 0 eng d
020 _a81-8186-039-X
041 _aeng
082 _b2454
_a658.3
100 _aGupta, Dr. S.K. and Sengupta, N.N
_94667
245 _aManagement Concepts and Organization Behaviour
260 _aMeerut
_bVishal Prakashan Mandir,
_c2006
300 _a276
650 _aManagement
_9241
942 _cBK
999 _c882
_d882